| 000 | 004460000a22001810004500 | ||
|---|---|---|---|
| 003 | MACL | ||
| 005 | 20151222121625.0 | ||
| 008 | 151222b xxu||||| |||| 00| 0 eng d | ||
| 040 |
_aMACL _cMACL |
||
| 041 | _aEnglish | ||
| 082 | _a294.5/KAR | ||
| 100 |
_aKarunakaran, Rankorath _921777 |
||
| 245 | _aThe Riddle Of Ganesha | ||
| 260 |
_bBook Quest Publishers _c2000 |
||
| 350 | _a390 | ||
| 650 |
_aReligion _921778 |
||
| 942 |
_cBK _k294.5/KAR _2ddc |
||
| 999 |
_c40296 _d40296 |
||